MARC

LEADER 00000nam0a2200000 4500
001 250848
005 20231101232613.0
020 |a RU  |b 89-16051 
035 |a (RuTPU)RU\TPU\book\273079 
090 |a 250848 
100 |a 20140217d1988 k y0rusy5003 ca 
101 0 |a rus 
102 |a RU 
105 |a a z 001zy 
200 1 |a Проблемы охраны труда и их решение  |e сборник научных работ ин-тов охраны труда ВЦСПС  |f Всесоюзный центральный научно-исследовательский институт охраны труда ; под ред. В. В. Дьякова 
210 |a Москва  |c Профиздат  |d 1988 
215 |a 127,[2] с.  |c ил. 
320 |a Библиогр. в конце ст. 
606 1 |a Охрана труда  |x Экономика  |2 stltpush  |3 (RuTPU)RU\TPU\subj\36585  |9 57914 
610 1 |a ВЦСПС 
610 1 |a радиационная опасность 
610 1 |a методы Монте-Карло 
610 1 |a вентиляционные выбросы 
610 1 |a звукопоглощение 
610 1 |a шумы 
610 1 |a шумомеры 
610 1 |a звукоизоляция 
610 1 |a вибрации 
702 1 |a Дьяков  |b В. В.  |g Василий Васильевич  |4 340 
712 0 2 |a Всесоюзный центральный научно-исследовательский институт охраны труда  |2 stltpush  |3 (RuTPU)RU\TPU\col\9565 
801 0 |a RU  |b RuMRKP  |c 19960705  |g psbo 
801 1 |a RU  |b 63413507  |c 20140217 
801 2 |a RU  |b 63413507  |c 20140225  |g RCR 
942 |c BK